000 00992nam a22003017a 4500
001 9762
003 FISKH
005 20260211153024.0
008 260211b cb ||||| |||| 00| 0 eng d
020 _a9780805071610
040 _aFISKH
_beng
_cFISKH
_dFISKH
050 _aQA90 .N26
082 _a511.5
100 _aNagda , Ann Whitehead
245 _aTiger math :
_bLearning to graph from a baby tiger /
_cBy Ann Whitehead Nagda​​ and Cindy Bickel
250 _aFirst Square Fish Edition , June 2012
260 _aNew York :
_bHenry Holt and Company ,
_c2000 .
300 _a29 pages :
_bcolor illustrations ;
_c25 cm .
490 _aAnimal Math
505 _aT
520 _aDescribes the growth of an orphan Siberian tiger cub, by means of words and graphs.
521 8 _a810
_bLexile
521 8 _aT
_bRaz-Plus
650 _aGraphic methods
_vJuvenile Literature
650 _aTigers
_vJuvenile Literature
942 _2ddc
_cBK
_n0
999 _c9762
_d9762